Normal view
MARC view
- Fulmer, William E.
Entry Personal Name
001 - CONTROL NUMBER
- control field: 6533
003 - CONTROL NUMBER IDENTIFIER
- control field: OSt
005 - DATE AND TIME OF LATEST TRANSACTION
- control field: 20170519160057.0
008 - FIXED-LENGTH DATA ELEMENTS
- fixed length control field: 170519|| aca||aabn | a|a d
040 ## - CATALOGING SOURCE
- Original cataloging agency: OSt
- Transcribing agency: OSt
100 ## - HEADING--PERSONAL NAME
- Personal name: Fulmer, William E.
670 ## - SOURCE DATA FOUND
- Source citation: Work cat.: (OSt)0: Thompson, Arthur A., 1940- 6159, Readings in strategic managament /, 1984

PORTAL AKMAL
E-MEL JKDM
AKMAL2U
G-BAM
u-PUSTAKA